[Event "DVM U14w 2016"]
[Site "Düsseldorf GER"]
[Date "2016.12.29"]
[Round "5"]
[White "de Veer, Mara"]
[Black "Shevchenko, Alyona"]
[Result "1/2-1/2"]
[Termination "normal"]
[Board "8.3"]
[WhiteElo "969"]
[BlackElo "1033"]
[WhiteTeam "SV SF Friedrichshagen"]
[BlackTeam "Karlsruher SF"]
[PlyCount "146"]
[WhiteFideId "16217349"]
[BlackFideId "12983420"]
[EventCountry "GER"]
[EventRounds "7"]
[EventType "team-swiss"]
[EventDate "2016.12.26"]

1. e4 {[%emt 0:00:00]} e5 {[%eval 0,0] [%emt 0:00:00]} 2. Bc4 {[%emt 0:00:02]}
Bc5 {[%emt 0:00:00]} 3. d3 d6 4. c3 Nc6 5. Nf3 h6 6. Bb3 Nf6 7. O-O Bg4 8. h3
Bh5 9. Re1 O-O 10. Be3 Bb6 11. Nbd2 d5 12. Bc2 d4 13. cxd4 exd4 14. Bf4 Qd7 15.
Ba4 Ba5 16. Rf1 Bxd2 17. Bxd2 a6 18. b4 b5 19. Bb3 Qe7 20. a3 Ne5 21. g4 Bg6
22. Bf4 Nc6 23. Qc2 Qd7 24. Rac1 Na7 25. Qxc7 Rfc8 26. Qxd7 Nxd7 27. Rxc8+ Rxc8
28. Nxd4 Nc6 29. Nxc6 Rxc6 30. Rc1 Rxc1+ 31. Bxc1 Ne5 32. d4 Nf3+ 33. Kg2 Nxd4
34. Bd5 Ne2 35. Bd2 Kf8 36. Bb7 Nd4 37. f3 Nc2 38. Bc1 Ne1+ 39. Kg3 Nd3 40. Bd2
f6 41. Bxa6 Be8 42. a4 Ne5 43. Bxb5 Bxb5 44. axb5 Nc4 45. Kh4 Ke7 46. Bf4 g5+
47. Bxg5 hxg5+ 48. Kh5 Kf7 49. h4 gxh4 50. Kxh4 Kg6 51. f4 Nb6 52. e5 Nc4 53.
f5+ Kg7 54. exf6+ Kxf6 55. Kh5 Kg7 56. f6+ Kh7 57. f7 Kg7 58. g5 Kxf7 59. Kh6
Kg8 60. Kg6 Nb6 61. Kf6 Nd5+ 62. Ke6 Nxb4 63. b6 Nd3 64. Kd7 Nc5+ 65. Kc6 Na6
66. Kb5 Nb8 67. b7 Nd7 68. Kc6 Nb8+ 69. Kb6 Kg7 70. Ka7 Nc6+ 71. Ka8 Kg6 72.
b8=Q Nxb8 73. Kxb8 Kxg5 1/2-1/2

[Event "DVM U14w 2016"]
[Site "Düsseldorf GER"]
[Date "2016.12.29"]
[Round "5"]
[White "Eichhorn, Elisabeth"]
[Black "Murach, Marlene"]
[Result "1-0"]
[Termination "normal"]
[Board "8.4"]
[WhiteElo "1116"]
[BlackElo "753"]
[WhiteTeam "Karlsruher SF"]
[BlackTeam "SV SF Friedrichshagen"]
[PlyCount "75"]
[WhiteFideId "16235070"]
[BlackFideId "16224868"]
[EventCountry "GER"]
[EventRounds "7"]
[EventType "team-swiss"]
[EventDate "2016.12.26"]

1. d4 {[%emt 0:00:00]} d6 2. Nf3 Nd7 3. Bf4 f6 4. e3 e5 5. Bg3 c6 6. Bd3 Be7 7.
c3 Qb6 8. Qc2 Nf8 9. O-O Bg4 10. Nbd2 O-O-O 11. Nc4 Qc7 12. Nfd2 g5 13. h3 Be6
14. b4 h5 15. h4 Qd7 16. Rfe1 gxh4 17. Bxh4 Nh6 18. Qa4 b5 19. Qa6+ Qb7 20.
Qxb7+ Kxb7 21. Na5+ Kc7 22. c4 bxc4 23. Ndxc4 Nf5 24. Bxf5 Bxf5 25. Red1 Ng6
26. Bg3 h4 27. Bh2 h3 28. g3 d5 29. Nd2 Bxb4 30. Nab3 Bc2 31. Rdc1 Bxb3 32.
Nxb3 exd4 33. Nxd4 Bd2 34. Rxc6+ Kd7 35. Rb1 Rc8 36. Rb7+ Kd8 37. Ne6+ Ke8 38.
Rxc8# 1-0

[Event "DVM U14w 2016"]
[Site "Düsseldorf GER"]
[Date "2016.12.29"]
[Round "5"]
[White "Burger, Daiana"]
[Black "Karlinger De la Quintana, Ainhoa"]
[Result "0-1"]
[Termination "normal"]
[Board "9.3"]
[WhiteElo "947"]
[BlackElo "1064"]
[WhiteTeam "SK Neumarkt"]
[BlackTeam "SC Ammersee"]
[PlyCount "70"]
[WhiteFideId "16217233"]
[BlackFideId "16217268"]
[EventCountry "GER"]
[EventRounds "7"]
[EventType "team-swiss"]
[EventDate "2016.12.26"]

1. e4 {[%emt 0:00:00]} g6 {[%emt 0:00:00]} 2. d4 {[%eval 0,0] [%emt 0:00:00]}
Bg7 3. Nf3 c5 4. dxc5 Qa5+ 5. Bd2 Qxc5 6. Nc3 Qc7 7. Nb5 Qd8 8. e5 Nc6 9. Bc3
a6 10. Na3 Qc7 11. Qe2 b5 12. O-O-O b4 13. Bxb4 Nxb4 14. g3 Nxa2+ 15. Kb1 Nb4
16. Qe4 Rb8 17. c3 Nc6 18. Qc4 Qb6 19. Rd2 Nxe5 20. Qf4 Nxf3 21. Qxf3 Bb7 22.
Qe3 Qxe3 23. fxe3 Bxh1 24. Bg2 Bxg2 25. Rxg2 Nf6 26. g4 Nd5 27. Kc2 Nxe3+ 28.
Kd2 Nxg2 29. Nc4 O-O 30. g5 Rfc8 31. Kd3 d5 32. Ne3 Nxe3 33. Kxe3 Rxb2 34. h4
Rxc3+ 35. Kf4 Rb4# 0-1

[Event "DVM U14w 2016"]
[Site "Düsseldorf GER"]
[Date "2016.12.29"]
[Round "5"]
[White "Heinze, Vanessa"]
[Black "Burger, Radena"]
[Result "1-0"]
[Termination "normal"]
[Board "9.4"]
[WhiteElo "783"]
[BlackElo "719"]
[WhiteTeam "SC Ammersee"]
[BlackTeam "SK Neumarkt"]
[PlyCount "57"]
[WhiteFideId "16208412"]
[BlackFideId "16217241"]
[EventCountry "GER"]
[EventRounds "7"]
[EventType "team-swiss"]
[EventDate "2016.12.26"]

1. e4 e5 2. Nf3 Nf6 3. Nc3 Nc6 4. Bc4 Bc5 5. d3 h6 6. Be3 Bb6 7. O-O O-O 8. Qd2
d6 9. h3 Ba5 10. a3 Bb6 11. Nd5 Bxe3 12. Qxe3 Nd7 13. Nc3 Nb6 14. Bb3 Bd7 15.
Rfe1 a5 16. a4 Nb4 17. Rec1 Qe8 18. Ra3 Be6 19. Rca1 Nxc2 20. Bxc2 c6 21. Bb3
Bxb3 22. Rxb3 Nc4 23. dxc4 c5 24. Nd5 Qd8 25. Nd2 b6 26. Nf1 Qb8 27. Qc1 Re8
28. Rg3 Qa7 29. Qxh6 1-0

[Event "DVM U14w 2016"]
[Site "Düsseldorf GER"]
[Date "2016.12.29"]
[Round "5"]
[White "Kohl, Natalie"]
[Black "Schneider, Xenia"]
[Result "0-1"]
[Termination "normal"]
[Board "10.1"]
[WhiteElo "1448"]
[BlackElo "1342"]
[WhiteTeam "Meuselwitzer SV"]
[BlackTeam "SK Endingen"]
[PlyCount "62"]
[WhiteFideId "12967408"]
[BlackFideId "12911984"]
[EventCountry "GER"]
[EventRounds "7"]
[EventType "team-swiss"]
[EventDate "2016.12.26"]

1. e4 {[%emt 0:00:00]} c6 2. d4 d5 3. Nd2 dxe4 4. Nxe4 Nf6 5. Nxf6+ exf6 6. Bc4
Be7 7. Nf3 Bg4 8. Be3 Qa5+ 9. c3 Qh5 10. Be2 O-O 11. h3 Bxf3 12. Bxf3 Qb5 13.
Qc2 Nd7 14. Be2 Qd5 15. O-O c5 16. Bd3 Qh5 17. Rfe1 cxd4 18. Bxd4 Bc5 19. Rac1
Rac8 20. Bf5 Bxd4 21. Bxd7 Rc7 22. Qe4 Bxf2+ 23. Kxf2 Rxd7 24. Qe3 b6 25. b3 h6
26. Qf4 Rfd8 27. Re2 Rd5 28. Kg1 Qxe2 29. Rf1 Rd1 30. Rxd1 Rxd1+ 31. Kh2 Qe5
0-1

[Event "DVM U14w 2016"]
[Site "Düsseldorf GER"]
[Date "2016.12.29"]
[Round "5"]
[White "Wagner, Anna"]
[Black "Neumann, Tina"]
[Result "1/2-1/2"]
[Termination "normal"]
[Board "10.2"]
[WhiteElo "1133"]
[BlackElo "1516"]
[WhiteTeam "SK Endingen"]
[BlackTeam "Meuselwitzer SV"]
[PlyCount "60"]
[WhiteFideId "12983489"]
[BlackFideId "16212371"]
[EventCountry "GER"]
[EventRounds "7"]
[EventType "team-swiss"]
[EventDate "2016.12.26"]

1. e4 {[%emt 0:00:00]} d5 2. e5 Bf5 3. d4 e6 4. Nc3 c5 5. Be3 cxd4 6. Bxd4 Nc6
7. Bb5 Qc7 8. Nf3 Nh6 9. O-O Be7 10. Re1 O-O 11. Qd2 a6 12. Bxc6 Qxc6 13. Be3
Ng4 14. h3 Nxe3 15. Rxe3 Bc5 16. Nd4 Bxd4 17. Qxd4 Bxc2 18. Qd2 Bg6 19. Rc1 Qd7
20. Ne2 h6 21. Nf4 Rac8 22. Rec3 Rxc3 23. Rxc3 Rd8 24. Qc1 Qb5 25. Nxg6 fxg6
26. Rc8 Qe8 27. Rc7 Rd7 28. Rc8 Rd8 29. Rc7 Rd7 30. Rc8 Rd8 1/2-1/2

[Event "DVM U14w 2016"]
[Site "Düsseldorf GER"]
[Date "2016.12.29"]
[Round "5"]
[White "Meyer, Jessica"]
[Black "Henninger, Claire"]
[Result "1/2-1/2"]
[Termination "normal"]
[Board "10.3"]
[WhiteElo "1402"]
[BlackElo "1033"]
[WhiteTeam "Meuselwitzer SV"]
[BlackTeam "SK Endingen"]
[PlyCount "95"]
[WhiteFideId "16230019"]
[BlackFideId "16200659"]
[EventCountry "GER"]
[EventRounds "7"]
[EventType "team-swiss"]
[EventDate "2016.12.26"]

1. e4 {[%emt 0:00:00]} c6 2. d4 d5 3. Nd2 dxe4 4. Nxe4 Bf5 5. Ng3 Bg6 6. Nf3
Nd7 7. Bc4 b5 8. Bb3 Ngf6 9. O-O e6 10. Re1 Bd6 11. Bxe6 fxe6 12. Rxe6+ Be7 13.
Rxc6 O-O 14. Re6 Bf7 15. Re1 Re8 16. b3 Bb4 17. Bd2 Bxd2 18. Qxd2 Rxe1+ 19.
Rxe1 Qc7 20. Ne5 Re8 21. Nxd7 Qxd7 22. Rxe8+ Nxe8 23. Ne4 Bg6 24. Nc5 Qc6 25.
h3 Nd6 26. c3 Ne4 27. Qe3 Nxc5 28. dxc5 Qe4 29. Qxe4 Bxe4 30. b4 Kf7 31. Kf1
Ke6 32. f3 Bf5 33. Ke2 Kd5 34. Ke3 Kc4 35. Kd2 Bg6 36. g4 Be8 37. f4 Bd7 38. f5
h5 39. f6 gxf6 40. gxh5 Bf5 41. h6 Kd5 42. Ke3 Ke5 43. h4 Bg6 44. h5 Bb1 45.
Kf3 Be4+ 46. Kf2 Kd5 47. Ke3 Bh7 48. a3 1/2-1/2

[Event "DVM U14w 2016"]
[Site "Düsseldorf GER"]
[Date "2016.12.29"]
[Round "5"]
[White "Reinbold, Sorah Marie"]
[Black "Zehr, Selina"]
[Result "1-0"]
[Termination "normal"]
[Board "10.4"]
[WhiteElo "1001"]
[BlackElo "981"]
[WhiteTeam "SK Endingen"]
[BlackTeam "Meuselwitzer SV"]
[PlyCount "71"]
[WhiteFideId "12983497"]
[BlackFideId "16235282"]
[EventCountry "GER"]
[EventRounds "7"]
[EventType "team-swiss"]
[EventDate "2016.12.26"]

1. e4 {[%emt 0:00:00]} c5 2. Bc4 Nc6 3. Nf3 d6 4. O-O Nf6 5. Nc3 g6 6. d3 Bg7
7. Bg5 O-O 8. Re1 h6 9. Bh4 Bd7 10. e5 dxe5 11. Nxe5 Nxe5 12. Rxe5 b6 13. Bd5
Nxd5 14. Rxd5 Re8 15. Bg3 Qc8 16. Be5 Bxe5 17. Rxe5 Qc6 18. d4 Bc8 19. d5 Qf6
20. Re3 Qg5 21. Rg3 Qe5 22. h3 e6 23. d6 Rd8 24. Re3 Qxd6 25. Rd3 Qc6 26. Rxd8+
Kh7 27. Qg4 Bb7 28. Rxa8 Bxa8 29. f3 Qc7 30. Ne4 Qe5 31. Re1 f5 32. Qg3 Qxb2
33. Qc7+ Qg7 34. Nf6+ Kh8 35. Qd8+ Qg8 36. Qxg8# 1-0

[Event "DVM U14w 2016"]
[Site "Düsseldorf GER"]
[Date "2016.12.29"]
[Round "6"]
[White "Müdder, Melanie"]
[Black "Wastian, Mareike"]
[Result "1-0"]
[Termination "normal"]
[Board "1.1"]
[WhiteElo "1604"]
[BlackElo "1770"]
[WhiteClock "01:07:40"]
[BlackClock "00:59:28"]
[WhiteTeam "SG Solingen"]
[BlackTeam "SF Brackel"]
[PlyCount "41"]
[WhiteFideId "12994103"]
[BlackFideId "12947423"]
[EventCountry "GER"]
[EventRounds "7"]
[EventType "team-swiss"]
[EventDate "2016.12.26"]

1. e4 {[%clk 1:30:58]} d5 {[%clk 1:30:54]} 2. exd5 {[%clk 1:31:23]} Nf6 {[%clk
1:31:19]} 3. Nf3 {[%clk 1:31:47]} Bg4 {[%clk 1:31:32]} 4. Bb5+ {[%clk 1:32:02]}
Nbd7 {[%clk 1:30:56]} 5. Nc3 {[%clk 1:31:12]} a6 {[%clk 1:30:09]} 6. Be2 {[%clk
1:31:27]} Nb6 {[%clk 1:29:40]} 7. d4 {[%clk 1:31:14]} Nbxd5 {[%clk 1:27:06]} 8.
Nxd5 {[%clk 1:31:23]} Nxd5 {[%clk 1:27:14]} 9. c4 {[%clk 1:30:54]} Nb6 {[%clk
1:25:53]} 10. Qb3 {[%clk 1:30:19]} Rb8 {[%clk 1:20:59]} 11. Be3 {[%clk
1:29:06]} e6 {[%clk 1:20:08]} 12. O-O {[%clk 1:26:58]} Be7 {[%clk 1:18:14]} 13.
h3 {[%clk 1:25:07]} Bh5 {[%clk 1:17:01]} 14. Rad1 {[%clk 1:23:21]} O-O {[%clk
1:15:31]} 15. d5 {[%clk 1:21:49]} exd5 {[%clk 1:14:04]} 16. c5 {[%clk 1:17:59]}
Na8 {[%clk 1:08:21]} 17. Rxd5 {[%clk 1:16:59]} Qe8 {[%clk 1:06:30]} 18. Rxh5
{[%clk 1:13:03]} Qc6 {[%clk 1:05:25]} 19. Rd5 {[%clk 1:11:01]} b6 {[%clk
1:01:50]} 20. Ne5 {[%clk 1:08:58]} Qf6 {[%clk 0:59:28]} 21. Nd7 {[%clk
1:07:40]} 1-0

[Event "DVM U14w 2016"]
[Site "Düsseldorf GER"]
[Date "2016.12.29"]
[Round "6"]
[White "Garbuz, Nicole"]
[Black "Berelowitsch, Dana"]
[Result "0-1"]
[Termination "normal"]
[Board "1.2"]
[WhiteElo "1576"]
[BlackElo "1458"]
[WhiteClock "00:06:36"]
[BlackClock "00:40:53"]
[WhiteTeam "SF Brackel"]
[BlackTeam "SG Solingen"]
[PlyCount "60"]
[WhiteFideId "12990701"]
[BlackFideId "12977144"]
[EventCountry "GER"]
[EventRounds "7"]
[EventType "team-swiss"]
[EventDate "2016.12.26"]

1. Nf3 {[%clk 1:30:30]} e6 {[%clk 1:30:30]} 2. g3 {[%clk 1:30:30]} d5 {[%clk
1:30:30]} 3. Bg2 {[%clk 1:30:30]} Nf6 {[%clk 1:30:30]} 4. O-O {[%clk 1:30:30]}
Nc6 {[%clk 1:32:21]} 5. d3 {[%clk 1:32:32]} Bd7 {[%clk 1:30:42]} 6. Nbd2 {[%clk
1:30:08]} Bd6 {[%clk 1:26:29]} 7. c3 {[%clk 1:28:02]} Qe7 {[%clk 1:25:48]} 8.
e4 {[%clk 1:27:44]} dxe4 {[%clk 1:23:49]} 9. dxe4 {[%clk 1:24:10]} O-O-O {[%clk
1:18:21]} 10. Qc2 {[%clk 1:23:20]} h5 {[%clk 1:16:43]} 11. h4 {[%clk 1:20:28]}
Ng4 {[%clk 1:14:45]} 12. Nc4 {[%clk 1:15:49]} Bxg3 {[%clk 1:07:58]} 13. fxg3
{[%clk 1:11:03]} Qc5+ {[%clk 1:07:51]} 14. Ne3 {[%clk 1:09:57]} Nxe3 {[%clk
1:07:31]} 15. Bxe3 {[%clk 1:10:04]} Qxe3+ {[%clk 1:07:47]} 16. Qf2 {[%clk
1:02:12]} Qxf2+ {[%clk 1:03:22]} 17. Rxf2 {[%clk 1:02:30]} f6 {[%clk 1:03:17]}
18. b4 {[%clk 0:52:44]} Rdg8 {[%clk 0:59:21]} 19. Nd2 {[%clk 0:35:30]} Ne5
{[%clk 0:58:02]} 20. Bh3 {[%clk 0:31:10]} Kd8 {[%clk 0:55:01]} 21. Nb3 {[%clk
0:27:51]} Ke7 {[%clk 0:53:48]} 22. Kh1 {[%clk 0:20:27]} g5 {[%clk 0:52:41]} 23.
Rg1 {[%clk 0:15:11]} Ng6 {[%clk 0:46:07]} 24. hxg5 {[%clk 0:10:46]} fxg5 {[%clk
0:46:21]} 25. Nc5 {[%clk 0:09:47]} Bc8 {[%clk 0:46:09]} 26. Rgf1 {[%clk
0:07:58]} Ne5 {[%clk 0:45:30]} 27. Rf6 {[%clk 0:07:31]} g4 {[%clk 0:45:11]} 28.
Bg2 {[%clk 0:07:47]} b6 {[%clk 0:43:53]} 29. Nb3 {[%clk 0:07:20]} Ba6 {[%clk
0:42:52]} 30. R1f2 {[%clk 0:06:36]} h4 {[%clk 0:40:53]} 0-1

[Event "DVM U14w 2016"]
[Site "Düsseldorf GER"]
[Date "2016.12.29"]
[Round "6"]
[White "Kublanov, Elizabeth"]
[Black "Bünte, Kirsten"]
[Result "1-0"]
[Termination "normal"]
[Board "1.3"]
[WhiteElo "1505"]
[BlackElo "1445"]
[WhiteClock "00:35:41"]
[BlackClock "00:13:23"]
[WhiteTeam "SG Solingen"]
[BlackTeam "SF Brackel"]
[PlyCount "55"]
[WhiteFideId "12944564"]
[BlackFideId "16200535"]
[EventCountry "GER"]
[EventRounds "7"]
[EventType "team-swiss"]
[EventDate "2016.12.26"]

1. e4 {[%clk 1:30:44]} c6 {[%clk 1:30:26]} 2. d4 {[%clk 1:30:45]} d5 {[%clk
1:30:48]} 3. e5 {[%clk 1:30:54]} Bf5 {[%clk 1:30:24]} 4. g4 {[%clk 1:30:30]}
Bg6 {[%clk 1:29:38]} 5. h4 {[%clk 1:30:04]} h6 {[%clk 1:27:50]} 6. h5 {[%clk
1:29:51]} Bh7 {[%clk 1:28:04]} 7. e6 {[%clk 1:29:51]} Nf6 {[%clk 1:12:45]} 8.
exf7+ {[%clk 1:29:08]} Kxf7 {[%clk 1:11:26]} 9. Bd3 {[%clk 1:28:55]} Qd6 {[%clk
1:00:36]} 10. Bxh7 {[%clk 1:27:52]} Qe6+ {[%clk 0:58:56]} 11. Be3 {[%clk
1:25:50]} Nxh7 {[%clk 0:55:53]} 12. Nf3 {[%clk 1:24:30]} Nd7 {[%clk 0:52:41]}
13. Qd3 {[%clk 1:08:54]} Qe4 {[%clk 0:49:20]} 14. Qxe4 {[%clk 1:05:52]} dxe4
{[%clk 0:49:21]} 15. Ne5+ {[%clk 1:04:24]} Ke6 {[%clk 0:45:41]} 16. Ng6 {[%clk
1:01:15]} Rg8 {[%clk 0:45:56]} 17. Nc3 {[%clk 1:00:22]} Nhf6 {[%clk 0:41:57]}
18. Rg1 {[%clk 0:58:57]} Nb6 {[%clk 0:40:21]} 19. g5 {[%clk 0:51:23]} hxg5
{[%clk 0:31:22]} 20. Bxg5 {[%clk 0:50:55]} Nxh5 {[%clk 0:27:14]} 21. Nxe4
{[%clk 0:44:25]} Kf5 {[%clk 0:20:14]} 22. Nxf8 {[%clk 0:44:15]} Raxf8 {[%clk
0:18:34]} 23. Nc5 {[%clk 0:43:32]} Rb8 {[%clk 0:17:07]} 24. O-O-O {[%clk
0:42:51]} e5 {[%clk 0:14:34]} 25. Be7 {[%clk 0:39:13]} exd4 {[%clk 0:13:25]}
26. Rg5+ {[%clk 0:38:33]} Kf4 {[%clk 0:13:13]} 27. Rxd4+ {[%clk 0:36:19]} Kf3
{[%clk 0:13:23]} 28. Rxh5 {[%clk 0:35:41]} 1-0

[Event "DVM U14w 2016"]
[Site "Düsseldorf GER"]
[Date "2016.12.29"]
[Round "6"]
[White "Elier, Basmalah"]
[Black "Bashylina, Luisa"]
[Result "1-0"]
[Termination "normal"]
[Board "1.4"]
[WhiteElo "756"]
[BlackElo "1550"]
[WhiteClock "01:10:05"]
[BlackClock "01:14:12"]
[WhiteTeam "SF Brackel"]
[BlackTeam "SG Solingen"]
[PlyCount "55"]
[WhiteFideId "16223004"]
[BlackFideId "12983292"]
[EventCountry "GER"]
[EventRounds "7"]
[EventType "team-swiss"]
[EventDate "2016.12.26"]

1. e4 {[%clk 1:30:42]} c5 {[%clk 1:30:47]} 2. d4 {[%clk 1:30:41]} cxd4 {[%clk
1:31:05]} 3. Qxd4 {[%clk 1:31:04]} Nc6 {[%clk 1:31:17]} 4. Qd1 {[%clk 1:30:52]}
e6 {[%clk 1:31:38]} 5. Nc3 {[%clk 1:30:48]} a6 {[%clk 1:32:02]} 6. Nf3 {[%clk
1:31:00]} Qc7 {[%clk 1:32:16]} 7. Bf4 {[%clk 1:31:00]} Qxf4 {[%clk 1:32:35]} 8.
g3 {[%clk 1:30:32]} Qc7 {[%clk 1:32:55]} 9. Bc4 {[%clk 1:30:26]} Nf6 {[%clk
1:33:11]} 10. Qd2 {[%clk 1:29:55]} Be7 {[%clk 1:33:23]} 11. O-O-O {[%clk
1:29:50]} b5 {[%clk 1:33:43]} 12. Be2 {[%clk 1:29:24]} Bb7 {[%clk 1:34:00]} 13.
h4 {[%clk 1:27:42]} b4 {[%clk 1:34:09]} 14. Nb1 {[%clk 1:26:52]} Nxe4 {[%clk
1:34:23]} 15. Qe3 {[%clk 1:26:25]} Nf6 {[%clk 1:33:21]} 16. Nbd2 {[%clk
1:24:02]} Rc8 {[%clk 1:31:53]} 17. Qb3 {[%clk 1:21:54]} Nd5 {[%clk 1:27:11]}
18. Nc4 {[%clk 1:19:32]} Bf6 {[%clk 1:24:50]} 19. a3 {[%clk 1:18:29]} a5 {[%clk
1:24:13]} 20. g4 Qf4+ {[%clk 1:23:17]} 21. Kb1 {[%clk 1:17:37]} Qc7 {[%clk
1:18:01]} 22. Rh3 {[%clk 1:16:23]} O-O {[%clk 1:16:56]} 23. Ng5 {[%clk
1:14:53]} Nf4 {[%clk 1:16:28]} 24. Re3 {[%clk 1:14:03]} d5 {[%clk 1:15:43]} 25.
Nd2 {[%clk 1:12:42]} Bd4 {[%clk 1:14:07]} 26. Rf3 {[%clk 1:11:14]} Nxe2 {[%clk
1:13:56]} 27. Qd3 {[%clk 1:10:09]} Nf4 {[%clk 1:14:12]} 28. Qxh7# {[%clk
1:10:05]} 1-0

[Event "DVM U14w 2016"]
[Site "Düsseldorf GER"]
[Date "2016.12.29"]
[Round "6"]
[White "Geletzke, Hannah"]
[Black "Rosenhain, Rachela"]
[Result "0-1"]
[Termination "normal"]
[Board "2.1"]
[WhiteElo "1558"]
[BlackElo "1864"]
[WhiteClock "00:00:58"]
[BlackClock "01:01:34"]
[WhiteTeam "SV Empor Erfurt"]
[BlackTeam "Schachpinguine Berlin"]
[PlyCount "118"]
[WhiteFideId "12983330"]
[BlackFideId "12957615"]
[EventCountry "GER"]
[EventRounds "7"]
[EventType "team-swiss"]
[EventDate "2016.12.26"]

1. e4 {[%clk 1:30:58]} e5 {[%clk 1:30:55]} 2. Nf3 {[%clk 1:31:22]} Nc6 {[%clk
1:31:19]} 3. d4 {[%clk 1:31:44]} exd4 {[%clk 1:31:43]} 4. Nxd4 {[%clk 1:32:08]}
Nf6 {[%clk 1:32:03]} 5. Nc3 {[%clk 1:32:29]} Bb4 {[%clk 1:32:13]} 6. Nxc6
{[%clk 1:32:39]} bxc6 {[%clk 1:32:36]} 7. Bd3 {[%clk 1:32:54]} O-O {[%clk
1:31:31]} 8. O-O {[%clk 1:32:59]} d5 {[%clk 1:30:18]} 9. exd5 {[%clk 1:31:31]}
cxd5 {[%clk 1:30:30]} 10. Bg5 {[%clk 1:27:46]} c6 {[%clk 1:29:53]} 11. Qf3
{[%clk 1:24:11]} Be7 {[%clk 1:29:38]} 12. h3 {[%clk 1:21:16]} Be6 {[%clk
1:26:38]} 13. a3 {[%clk 1:15:24]} Rb8 {[%clk 1:24:45]} 14. b3 {[%clk 1:09:11]}
Nd7 {[%clk 1:15:13]} 15. Qh5 {[%clk 0:56:13]} g6 {[%clk 1:13:55]} 16. Bxe7
{[%clk 0:53:44]} Qxe7 {[%clk 1:14:15]} 17. Qd1 {[%clk 0:52:37]} Qg5 {[%clk
1:12:23]} 18. Qf3 {[%clk 0:51:04]} Ne5 {[%clk 1:12:14]} 19. Qg3 {[%clk
0:47:15]} Qxg3 {[%clk 1:12:26]} 20. fxg3 {[%clk 0:47:39]} Nxd3 {[%clk 1:12:51]}
21. cxd3 {[%clk 0:47:32]} Rxb3 {[%clk 1:13:13]} 22. Rfc1 {[%clk 0:46:32]} Bf5
{[%clk 1:11:44]} 23. d4 {[%clk 0:45:24]} Re8 {[%clk 1:10:50]} 24. g4 {[%clk
0:42:17]} Bd7 {[%clk 1:07:40]} 25. Na4 {[%clk 0:39:00]} Rg3 {[%clk 1:05:24]}
26. Kh2 {[%clk 0:35:39]} Ree3 {[%clk 1:04:45]} 27. Nc5 {[%clk 0:35:01]} Bc8
{[%clk 1:04:16]} 28. Rab1 {[%clk 0:32:08]} Be6 {[%clk 1:00:38]} 29. Rb7 {[%clk
0:29:47]} Rc3 {[%clk 0:57:15]} 30. Rxc3 {[%clk 0:27:29]} Rxc3 {[%clk 0:57:36]}
31. Rxa7 {[%clk 0:26:53]} Rc4 {[%clk 0:56:02]} 32. Ra6 {[%clk 0:22:56]} Rxd4
{[%clk 0:54:57]} 33. Rxc6 {[%clk 0:22:44]} Rc4 {[%clk 0:54:34]} 34. a4 {[%clk
0:19:53]} Bd7 {[%clk 0:54:04]} 35. Rd6 {[%clk 0:18:34]} Rxc5 {[%clk 0:53:37]}
36. Rxd7 {[%clk 0:17:08]} Ra5 {[%clk 0:53:53]} 37. Rd8+ {[%clk 0:10:18]} Kg7
{[%clk 0:53:39]} 38. g5 {[%clk 0:09:30]} h6 {[%clk 0:53:20]} 39. gxh6+ {[%clk
0:05:28]} Kxh6 {[%clk 0:53:44]} 40. g4 {[%clk 0:01:04]} Kg5 {[%clk 0:52:17]}
41. Rd6 {[%clk 0:28:06]} Kh4 {[%clk 1:21:09]} 42. Kg2 {[%clk 0:06:53]} Rxa4
{[%clk 1:20:24]} 43. Rxd5 {[%clk 0:04:53]} Ra2+ {[%clk 1:20:00]} 44. Kf3 {[%clk
0:04:25]} Kxh3 {[%clk 1:17:13]} 45. Rd7 {[%clk 0:02:02]} Ra3+ {[%clk 1:17:10]}
46. Kf2 {[%clk 0:01:31]} Kxg4 {[%clk 1:16:34]} 47. Rxf7 {[%clk 0:01:53]} g5
{[%clk 1:16:13]} 48. Rg7 {[%clk 0:01:47]} Rf3+ {[%clk 1:14:13]} 49. Kg2 {[%clk
0:01:21]} Rf5 {[%clk 1:14:16]} 50. Kh2 {[%clk 0:01:18]} Kf3 {[%clk 1:12:46]}
51. Kg1 {[%clk 0:00:38]} g4 {[%clk 1:12:25]} 52. Rd7 {[%clk 0:00:46]} Kg3
{[%clk 1:11:27]} 53. Rd2 {[%clk 0:00:51]} Rf3 {[%clk 1:08:24]} 54. Rg2+ {[%clk
0:00:56]} Kf4 {[%clk 1:06:53]} 55. Kh2 {[%clk 0:01:10]} Kg5 {[%clk 1:03:12]}
56. Rg3 {[%clk 0:01:01]} Kh4 {[%clk 1:02:02]} 57. Rg1 {[%clk 0:00:51]} g3+
{[%clk 1:01:11]} 58. Kg2 {[%clk 0:00:38]} Rf2+ {[%clk 1:01:34]} 59. Kh1 {[%clk
0:00:58]} Rh2# 0-1

[Event "DVM U14w 2016"]
[Site "Düsseldorf GER"]
[Date "2016.12.29"]
[Round "6"]
[White "Schnabel, Luise"]
[Black "Reuter, Elisa"]
[Result "1/2-1/2"]
[Termination "normal"]
[Board "2.2"]
[WhiteElo "1678"]
[BlackElo "1618"]
[WhiteClock "01:13:49"]
[BlackClock "00:43:14"]
[WhiteTeam "Schachpinguine Berlin"]
[BlackTeam "SV Empor Erfurt"]
[PlyCount "53"]
[WhiteFideId "12943347"]
[BlackFideId "12995444"]
[EventCountry "GER"]
[EventRounds "7"]
[EventType "team-swiss"]
[EventDate "2016.12.26"]

1. e4 {[%clk 1:30:57]} c5 {[%clk 1:30:56]} 2. Nf3 {[%clk 1:31:18]} Nc6 {[%clk
1:31:23]} 3. d4 {[%clk 1:31:39]} cxd4 {[%clk 1:31:50]} 4. Nxd4 {[%clk 1:31:56]}
g6 {[%clk 1:32:16]} 5. c4 {[%clk 1:32:10]} Bg7 {[%clk 1:32:42]} 6. Be3 {[%clk
1:32:26]} Nf6 {[%clk 1:33:08]} 7. Nc3 {[%clk 1:32:40]} O-O {[%clk 1:33:29]} 8.
Be2 {[%clk 1:33:00]} d6 {[%clk 1:33:53]} 9. O-O {[%clk 1:32:30]} Bd7 {[%clk
1:34:03]} 10. Qd2 {[%clk 1:31:54]} Nxd4 {[%clk 1:33:15]} 11. Bxd4 {[%clk
1:32:06]} Bc6 {[%clk 1:33:37]} 12. f3 {[%clk 1:32:19]} a5 {[%clk 1:33:54]} 13.
b3 {[%clk 1:31:52]} Nd7 {[%clk 1:34:15]} 14. Be3 {[%clk 1:31:31]} Nc5 {[%clk
1:34:30]} 15. Rab1 {[%clk 1:31:16]} Qb6 {[%clk 1:34:39]} 16. Rfc1 {[%clk
1:30:17]} Rfc8 {[%clk 1:34:40]} 17. Rc2 {[%clk 1:28:26]} Qd8 {[%clk 1:34:56]}
18. a3 {[%clk 1:28:11]} h5 {[%clk 1:34:15]} 19. b4 {[%clk 1:28:12]} axb4 {[%clk
1:34:25]} 20. axb4 {[%clk 1:28:31]} Na4 {[%clk 1:33:31]} 21. Nd1 {[%clk
1:28:13]} Kh7 {[%clk 1:31:39]} 22. Nf2 {[%clk 1:24:28]} Qh8 {[%clk 1:30:15]}
23. Rbc1 {[%clk 1:15:01]} Bb2 {[%clk 1:26:58]} 24. Rb1 {[%clk 1:14:15]} Bg7
{[%clk 1:27:06]} 25. Rbc1 {[%clk 1:14:00]} Bb2 {[%clk 1:24:10]} 26. Rb1 {[%clk
1:13:54]} Bg7 {[%clk 0:43:14]} 27. Rbc1 {[%clk 1:13:49]} 1/2-1/2